Time series (Record no. 2332)

MARC details
000 -LEADER
fixed length control field 00501 a2200193 4500
001 - CONTROL NUMBER
control field 068679
003 - CONTROL NUMBER IDENTIFIER
control field OSt
005 - DATE AND TIME OF LATEST TRANSACTION
control field 20220311165213.0
008 - FIXED-LENGTH DATA ELEMENTS--GENERAL INFORMATION
fixed length control field
082 ## - DEWEY DECIMAL CLASSIFICATION NUMBER
Classification number 519.55
Item number B78T
100 1# - MAIN ENTRY--PERSONAL NAME
Personal name Brockwell, Peter J.
245 1# - TITLE STATEMENT
Title Time series
Statement of responsibility, etc by Peter J. Brockwell and Richard A. Davis
250 ## - EDITION STATEMENT
Edition statement 2nd ed.
260 ## - PUBLICATION, DISTRIBUTION, ETC. (IMPRINT)
Place of publication, distribution, etc New Delhi
Name of publisher, distributor, etc Springer
Date of publication, distribution, etc 2009
300 ## - PHYSICAL DESCRIPTION
Extent 577p.
653 ## - INDEX TERM--UNCONTROLLED
Uncontrolled term Time-series analysis; Statistics
700 ## - ADDED ENTRY--PERSONAL NAME
Personal name Davis,Richard A.
942 ## - ADDED ENTRY ELEMENTS (KOHA)
Source of classification or shelving scheme Dewey Decimal Classification
Koha item type Books
Holdings
Withdrawn status Lost status Source of classification or shelving scheme Damaged status Not for loan Collection code Home library Current library Date acquired Source of acquisition Cost, normal purchase price Total Checkouts Full call number Barcode Date last seen Date checked out Price effective from Koha item type
    Dewey Decimal Classification     General Text Book Central University Of Rajasthan Central University Of Rajasthan 07/03/2012 STT 495.00 1 519.55 B78T 2966 21/11/2024 14/12/2022 02/09/2020 Books